La Nacionalización bancaria en Costa Rica: un juicio histórico
Bewaard in:
| Hoofdauteur: | |
|---|---|
| Formaat: | Texto |
| Taal: | Spanish |
| Gepubliceerd in: |
San José:
FLACSO
1990
|
| Onderwerpen: | |
| Tags: |
Voeg label toe
Geen labels, Wees de eerste die dit record labelt!
|
MARC
| LEADER | 00000 a a2200000 04500 | ||
|---|---|---|---|
| 001 | 3190 | ||
| 003 | cru CIDCACS/IIS | ||
| 005 | 20231129142501.0 | ||
| 008 | 231129b |||||||| |||| 00| 0 spa d | ||
| 040 | |c cru CIDCACS/IIS | ||
| 090 | |a 11.02.02 B837n | ||
| 100 | |a Brenes Charpantier, Lidiette | ||
| 245 | |a La Nacionalización bancaria en Costa Rica: un juicio histórico | ||
| 260 | |a San José: |b FLACSO |c 1990 | ||
| 300 | |a 234 p | ||
| 650 | |a NACIONALIZACION | ||
| 650 | |a BANCOS | ||
| 942 | |2 z |c LI |h 11.02.02 B837n |i 13742 |6 110202_B837N_13742 | ||
| 999 | |c 6150 |d 6150 | ||
